000
00309nam a22001337a 4500
003
SGT
082
_a
615.19
_b
DEV
100
_a
DEVALIYA, DR. ROOPAM
245
_a
PHARMACEUTICAL CHEMISTRY -I
260
_a
INDIA
_b
AITBS PUB.
_c
2024
300
_a
164
650
_a
PHARMACEUTICAL CHEMISTRY
942
_2
ddc
_c
BK
999
_c
33052
_d
33052